000 00635cab a2200217 4500
001 WB3414-30
008 090401t1998 xxu||||| |||| 00| 0 eng d
035 _a(Sirsi) u85504
041 _aeng
245 _aBoost for organic farming
260 _c1998
350 _a0
490 _aMAFF News Release
_v(136/98) 2 April 1998, (7)
520 _aThe Agriculture minister, has announced a package of measures to boost organic farming. Summarises recommendations.
650 _aORGANIC AID SCHEME
650 _aORGANIC FARMING
650 _aSUSTAINABLE FARMING
690 _aRURAL PRACTICE
942 _n0
948 _c08/04/1998
999 _c53767
_d53767